[Event "CAPA 5/01 email"]
[Site "Argentina"]
[Date "2001.??.??"]
[Round "?"]
[White "Crespo, Ramon Jose"]
[Black "La Candia, Juan Miguel"]
[Result "0-1"]
[WhiteElo "2470"]
[BlackElo "2350"]
[PlyCount "78"]
[EventDate "2001.??.??"]
[EventType "tourn (corr)"]
[EventRounds "6"]
[EventCountry "ARG"]
[SourceTitle "Corr 2002"]
[Source "ChessBase"]
[SourceDate "2002.05.23"]
[SourceVersion "1"]
[SourceVersionDate "2002.05.23"]
[SourceQuality "1"]

1. d4 Nf6 2. c4 e6 3. Nc3 c5 4. d5 exd5 5. cxd5 d6 6. Nf3 g6 7. e4 Bg7 8. h3 0-0 9. Bd3 b5 10. Nxb5 Re8 11. 0-0 Nxe4 12. Re1 a6 13. Na3 Nf6 14. Rxe8+ Nxe8 15. Bg5 Qc7 16. Qa4 Nf6 17. Bxf6 Bxf6 18. Qf4 Nd7 19. Nc4 Bb7 20. Rd1 Be7 21. Bc2 Nf6 22. Ne3 Nh5 23. Qc4 Bf8 24. b4 Rc8 25. g4 Nf6 26. g5 Nd7 27. Qf4 Bg7 28. bxc5 Qxc5 29. Bb3 Rf8 30. Ng4 f5 31. Ne3 Re8 32. Nc4 Re2 33. Ne3 Nb6 34. Nd4 Bxd4 35. Rxd4 a5 36. Rd1 Ba6 37. Rd4 Bb5 38. a4 Rb2 39. Nc2 Rb1+ 0-1

[Event "Pereyra mem-B email"]
[Site "CAPA email"]
[Date "2000.08.02"]
[Round "?"]
[White "Britten, Daniel Roberto"]
[Black "Crespo, Ramon Jose"]
[Result "1/2-1/2"]
[WhiteElo "2440"]
[BlackElo "2485"]
[PlyCount "68"]
[EventDate "1999.08.??"]
[EventType "tourn (corr)"]
[EventRounds "14"]
[EventCountry "ARG"]
[EventCategory "8"]
[SourceTitle "Corr 2002"]
[Source "ChessBase"]
[SourceDate "2002.05.23"]
[SourceVersion "1"]
[SourceVersionDate "2002.05.23"]
[SourceQuality "1"]

1. d4 Nf6 2. c4 g6 3. Nc3 Bg7 4. e4 d6 5. f3 0-0 6. Be3 e5 7. Nge2 c6 8. Qd2 Nbd7 9. 0-0-0 a6 10. Kb1 b5 11. Nc1 exd4 12. Bxd4 Re8 13. Nb3 Bf8 14. h4 h5 15. Qg5 b4 16. Na4 c5 17. Bxf6 Qxf6 18. Qxf6 Nxf6 19. Nb6 Rb8 20. Nxc8 Rbxc8 21. g3 Ra8 22. Na5 Nd7 23. Bh3 Ne5 24. f4 Ng4 25. Bxg4 hxg4 26. Rhe1 Re6 27. f5 Re5 28. Nc6 Ree8 29. fxg6 fxg6 30. e5 Rac8 31. Na7 Ra8 32. Nc6 Rac8 33. Na7 Ra8 34. Nc6 Rac8 1/2-1/2

[Event "Pereyra mem-B email"]
[Site "CAPA email"]
[Date "2000.08.02"]
[Round "?"]
[White "Crespo, Ramon Jose"]
[Black "Maia, Marco Aurelio Ferre"]
[Result "1-0"]
[WhiteElo "2485"]
[BlackElo "2423"]
[PlyCount "91"]
[EventDate "1999.08.??"]
[EventType "tourn (corr)"]
[EventRounds "14"]
[EventCountry "ARG"]
[EventCategory "8"]
[SourceTitle "Corr 2002"]
[Source "ChessBase"]
[SourceDate "2002.05.23"]
[SourceVersion "1"]
[SourceVersionDate "2002.05.23"]
[SourceQuality "1"]

1. d4 d5 2. c4 c6 3. Nf3 Nf6 4. Nc3 dxc4 5. a4 Bf5 6. e3 e6 7. Bxc4 Bb4 8. 0-0 Nbd7 9. Qe2 0-0 10. e4 Bg6 11. Bd3 Bh5 12. e5 Nd5 13. Ne4 Be7 14. a5 a6 15. Bd2 c5 16. Nxc5 Nxc5 17. dxc5 Bxc5 18. Rfc1 Ba7 19. Ra4 f5 20. Rac4 Bb8 21. Re1 Bc7 22. b4 Rb8 23. Rd4 Rf7 24. Bc4 Rd7 25. Qd3 Bxf3 26. Qxf3 b6 27. b5 axb5 28. Bxb5 bxa5 29. Bxd7 Qxd7 30. Qa3 Bb6 31. Rc4 Bc7 32. Qa1 Qb5 33. Rc2 a4 34. Rec1 Qd7 35. Rc6 Ra8 36. Bb4 Bd8 37. Ba3 Nf4 38. Qa2 Bg5 39. Qc4 Qd3 40. Qxd3 Nxd3 41. Rc8+ Rxc8 42. Rxc8+ Kf7 43. g3 f4 44. Bd6 Ne1 45. gxf4 Bh6 46. Rf8+ 1-0

[Event "Pereyra mem-B email"]
[Site "CAPA email"]
[Date "2000.08.02"]
[Round "?"]
[White "Morano, Angel Mario"]
[Black "Crespo, Ramon Jose"]
[Result "1/2-1/2"]
[WhiteElo "2293"]
[BlackElo "2485"]
[PlyCount "106"]
[EventDate "1999.08.??"]
[EventType "tourn (corr)"]
[EventRounds "14"]
[EventCountry "ARG"]
[EventCategory "8"]
[SourceTitle "Corr 2002"]
[Source "ChessBase"]
[SourceDate "2002.05.23"]
[SourceVersion "1"]
[SourceVersionDate "2002.05.23"]
[SourceQuality "1"]

1. d4 Nf6 2. c4 g6 3. Nc3 Bg7 4. e4 d6 5. Be2 0-0 6. Bg5 Na6 7. h4 e5 8. d5 h6 9. Be3 Nc5 10. Qc2 c6 11. h5 cxd5 12. cxd5 Bd7 13. hxg6 fxg6 14. b4 Na6 15. a3 h5 16. f3 Nc7 17. Qd2 Nh7 18. a4 Bf6 19. Nh3 Bh4+ 20. Kf1 Bxh3 21. gxh3 Bg3 22. Kg2 Bf4 23. Rag1 Qg5+ 24. Kf2 Qh4+ 25. Kf1 Kg7 26. Bd1 Rf7 27. Qf2 Qxf2+ 28. Kxf2 Bxe3+ 29. Kxe3 Na6 30. Na2 Rc8 31. Rh2 h4 32. Rhg2 g5 33. Be2 Nb8 34. Kd2 Rfc7 35. Rc1 Kg6 36. Rxc7 Rxc7 37. Nc3 a6 38. Bd3 Rf7 39. Ke3 Nf6 40. Rc2 Rc7 41. Nd1 Rxc2 42. Bxc2 Nh5 43. Nb2 Kf6 44. Bd3 Ke7 45. Nc4 Kd7 46. b5 axb5 47. axb5 Nf4 48. Bf1 Ke7 49. Na5 b6 50. Nc6+ Nxc6 51. bxc6 Kd8 52. Kd2 Kc7 53. Kc3 Kc8 1/2-1/2

[Event "Pan American tt7 B3 corr"]
[Site "Argentina"]
[Date "2000.06.01"]
[Round "?"]
[White "Crespo, Ramon Jose"]
[Black "Beyer Lecaros, Alfredo"]
[Result "1-0"]
[WhiteElo "2485"]
[BlackElo "2256"]
[PlyCount "69"]
[EventDate "2000.??.??"]
[EventType "tourn (corr)"]
[EventRounds "14"]
[EventCountry "ARG"]
[SourceTitle "Corr 2004"]
[Source "ChessBase"]
[SourceDate "2003.04.28"]
[SourceVersion "3"]
[SourceVersionDate "2003.04.28"]
[SourceQuality "1"]

1. d4 d5 2. c4 c6 3. Nf3 Nf6 4. Nc3 dxc4 5. a4 Bf5 6. Ne5 Nbd7 7. Nxc4 Qc7 8. g3 e5 9. dxe5 Nxe5 10. Bf4 Nfd7 11. Bg2 f6 12. 0-0 Nc5 13. Ne3 Bg6 14. b4 Ne6 15. b5 Rd8 16. Qb3 Bf7 17. Bxe5 fxe5 18. bxc6 bxc6 19. Rab1 Nd4 20. Qb7 Bd6 21. Qa6 0-0 22. Rb7 Qc8 23. Ne4 Nxe2+ 24. Kh1 Bb8 25. Rfb1 Nd4 26. Qa5 Bd6 27. Nxd6 Rxd6 28. Qxe5 Qe6 29. Qxe6 Bxe6 30. Rxa7 Bb3 31. Kg1 c5 32. a5 Rfd8 33. Rc7 Ne6 34. Rb7 Ba4 35. R1b6 1-0

[Event "Latin Am zt15 sf2 corr"]
[Site "CADAP corr"]
[Date "2000.06.01"]
[Round "?"]
[White "Morihama, Nicolau"]
[Black "Crespo, Ramon Jose"]
[Result "1/2-1/2"]
[WhiteElo "2354"]
[BlackElo "2485"]
[PlyCount "85"]
[EventDate "2000.??.??"]
[EventType "tourn (corr)"]
[EventRounds "14"]
[EventCategory "4"]
[SourceTitle "Corr 2002"]
[Source "ChessBase"]
[SourceDate "2002.05.23"]
[SourceVersion "1"]
[SourceVersionDate "2002.05.23"]
[SourceQuality "1"]

1. d4 Nf6 2. c4 g6 3. Nf3 Bg7 4. g3 0-0 5. Bg2 d6 6. 0-0 Nc6 7. Nc3 a6 8. d5 Na5 9. Nd2 c5 10. Qc2 Rb8 11. b3 b5 12. Bb2 bxc4 13. bxc4 Bh6 14. Ncb1 Bd7 15. Bc3 Qc7 16. Nb3 Nb7 17. N1d2 Bg7 18. f4 Rfe8 19. e4 a5 20. a4 Nh5 21. Rfe1 f6 22. Bf3 Bh6 23. Bxh5 gxh5 24. e5 fxe5 25. fxe5 Rf8 26. e6 Be8 27. Ne4 Bg6 28. Rab1 Bf5 29. Nxa5 Nxa5 30. Rxb8 Qxb8 31. Bxa5 Bg7 32. Bc3 Bxc3 33. Qxc3 Qb4 34. Rf1 Qxa4 35. Nd2 Qc2 36. Qxc2 Bxc2 37. Ra1 Kg7 38. Ra2 Bf5 39. Ra3 Bg4 40. Ra7 Kf6 41. Kg2 Rb8 42. Kf2 Rb2 43. Ke3 1/2-1/2

[Event "Pan American tt7 B3 corr"]
[Site "Argentina"]
[Date "2000.06.01"]
[Round "?"]
[White "Oquendo, Carlos Benitez"]
[Black "Crespo, Ramon Jose"]
[Result "0-1"]
[WhiteElo "2197"]
[BlackElo "2485"]
[PlyCount "74"]
[EventDate "2000.??.??"]
[EventType "tourn (corr)"]
[EventRounds "14"]
[EventCountry "ARG"]
[SourceTitle "Corr 2004"]
[Source "ChessBase"]
[SourceDate "2003.04.28"]
[SourceVersion "3"]
[SourceVersionDate "2003.04.28"]
[SourceQuality "1"]

1. e4 e5 2. Nf3 Nc6 3. Bb5 Nf6 4. 0-0 Nxe4 5. d4 Nd6 6. Bxc6 dxc6 7. dxe5 Nf5 8. Qxd8+ Kxd8 9. Nc3 Be6 10. Ne2 Bd5 11. Bg5+ Kc8 12. Nfd4 Nxd4 13. Nxd4 Bc5 14. c3 Re8 15. Rfe1 Bxd4 16. cxd4 h6 17. Bd2 Kd7 18. f4 Be6 19. Bc3 Rad8 20. b3 h5 21. Re3 Bf5 22. Rae1 Ke6 23. h3 h4 24. Kf2 Rd5 25. g4 hxg3+ 26. Rxg3 g6 27. b4 Rh8 28. Ree3 Rh4 29. Rgf3 Rd8 30. Kg2 Kd5 31. Kh2 Rdh8 32. Be1 R4h5 33. Bc3 Kc4 34. Bb2 Kxb4 35. Rc3 Be6 36. a3+ Kb5 37. d5 cxd5 0-1

[Event "Pan American tt7 B3 corr"]
[Site "Argentina"]
[Date "2000.06.01"]
[Round "?"]
[White "Perez Carillo, Luis S Arango"]
[Black "Crespo, Ramon Jose"]
[Result "1/2-1/2"]
[WhiteElo "2385"]
[BlackElo "2485"]
[PlyCount "84"]
[EventDate "2000.??.??"]
[EventType "tourn (corr)"]
[EventRounds "14"]
[EventCountry "ARG"]
[SourceTitle "Corr 2008"]
[Source "ChessBase"]
[SourceDate "2008.06.24"]
[SourceVersion "1"]
[SourceVersionDate "2008.06.24"]
[SourceQuality "1"]

1. d4 Nf6 2. c4 g6 3. Nc3 Bg7 4. e4 d6 5. Nf3 0-0 6. Be2 e5 7. 0-0 Nc6 8. d5 Ne7 9. b4 a5 10. Ba3 Nd7 11. bxa5 Rxa5 12. Bb4 Ra8 13. a4 Bh6 14. a5 f5 15. Nd2 Nf6 16. c5 Bxd2 17. Qxd2 fxe4 18. cxd6 cxd6 19. Nb5 Nf5 20. Ra3 Rf7 21. g4 Nd4 22. Nxd4 exd4 23. Qxd4 Bxg4 24. Bxg4 Nxg4 25. Qxe4 Nh6 26. Rh3 Nf5 27. Bc3 Re7 28. Qg4 Qe8 29. Qg5 Qf7 30. Rd1 Re2 31. Rf3 Rc8 32. Rdd3 Rc5 33. Rf4 Rxc3 34. Rxc3 Re1+ 35. Kg2 Qxd5+ 36. Kh3 Qxa5 37. Rc8+ Kg7 38. Qd8 Qxd8 39. Rxd8 Rb1 40. Rd7+ Kh6 41. Kg4 b5 42. Rf3 Rb4+ 1/2-1/2

[Event "Latin Am zt15 sf2 corr"]
[Site "CADAP corr"]
[Date "2000.??.??"]
[Round "?"]
[White "Cleto, Dirceu Jr"]
[Black "Crespo, Ramon Jose"]
[Result "1/2-1/2"]
[WhiteElo "2395"]
[BlackElo "2485"]
[PlyCount "97"]
[EventDate "2000.??.??"]
[EventType "tourn (corr)"]
[EventRounds "14"]
[EventCategory "4"]
[SourceTitle "Corr 2002"]
[Source "ChessBase"]
[SourceDate "2002.05.23"]
[SourceVersion "1"]
[SourceVersionDate "2002.05.23"]
[SourceQuality "1"]

1. e4 e6 2. d4 d5 3. Nc3 Nf6 4. e5 Nfd7 5. f4 c5 6. Nf3 Nc6 7. Be3 cxd4 8. Nxd4 Bc5 9. Qd2 0-0 10. Bb5 Nxd4 11. Bxd4 a6 12. Be2 b6 13. 0-0 Bb7 14. Rad1 Bxd4+ 15. Qxd4 Rc8 16. g3 b5 17. a4 bxa4 18. Ra1 f6 19. exf6 Qxf6 20. Qxf6 gxf6 21. Rxa4 Nc5 22. Rb4 Rfd8 23. Rd1 a5 24. Rb6 Bc6 25. f5 d4 26. fxe6 dxc3 27. Rxd8+ Rxd8 28. Rxc6 cxb2 29. Rb6 Na4 30. Rb7 Rd4 31. e7 Re4 32. Bc4+ Kh8 33. Ba2 Nc3 34. Rxb2 Rxe7 35. Rb8+ Kg7 36. Bc4 a4 37. Rg8+ Kh6 38. Ra8 Rc7 39. Bd3 Kg7 40. Kf2 Re7 41. Kf3 h5 42. Ra5 Re5 43. Ra7+ Kf8 44. h3 Re7 45. Ra8+ Kf7 46. Rc8 Nd1 47. Bc4+ Kg7 48. Rg8+ Kh7 49. Ra8 1/2-1/2

[Event "Latin Am zt15 sf2 corr"]
[Site "CADAP corr"]
[Date "2000.??.??"]
[Round "?"]
[White "Crespo, Ramon Jose"]
[Black "Marotta Moraes, Cr Martin"]
[Result "1-0"]
[WhiteElo "2395"]
[BlackElo "2384"]
[PlyCount "107"]
[EventDate "2000.??.??"]
[EventType "tourn (corr)"]
[EventRounds "14"]
[EventCategory "4"]
[SourceTitle "Corr 2002"]
[Source "ChessBase"]
[SourceDate "2002.05.23"]
[SourceVersion "1"]
[SourceVersionDate "2002.05.23"]
[SourceQuality "1"]

1. d4 Nf6 2. c4 e6 3. Nc3 Bb4 4. e3 c5 5. Bd3 Nc6 6. Nf3 Bxc3+ 7. bxc3 d6 8. 0-0 e5 9. Nd2 0-0 10. Rb1 b6 11. Qc2 Bd7 12. h3 Re8 13. d5 Ne7 14. f4 Ng6 15. f5 Nf8 16. g4 h5 17. gxh5 Qe7 18. Ne4 Nxe4 19. Bxe4 Qg5+ 20. Qg2 Qxh5 21. Kh2 Kh8 22. Bc2 Nh7 23. e4 Rg8 24. Rg1 g6 25. Qg4 Qxg4 26. hxg4 gxf5 27. exf5 f6 28. Bh6 Rae8 29. Kg3 Bc8 30. Rh1 Re7 31. Rh5 Ba6 32. Bd3 Rc8 33. Rbh1 Kg8 34. Be3 Rcc7 35. Rh6 Rg7 36. Kf3 Rcd7 37. g5 Nxg5+ 38. Bxg5 Rxg5 39. Rxf6 Bc8 40. Re6 Rf7 41. Re8+ Rf8 42. Rh8+ Kxh8 43. Rxf8+ Rg8 44. Rf7 Rg5 45. f6 Bg4+ 46. Ke3 Bh5 47. Rxa7 Rg3+ 48. Kd2 Rg2+ 49. Kc1 Rg1+ 50. Kb2 Rg2+ 51. Ka3 Kg8 52. Bf5 Rf2 53. Ra8+ Kf7 54. Be6+ 1-0

[Event "Latin Am zt15 sf2 corr"]
[Site "CADAP corr"]
[Date "2000.??.??"]
[Round "?"]
[White "Crespo, Ramon Jose"]
[Black "Mascarenhas, Alberto Pinheiro"]
[Result "1/2-1/2"]
[WhiteElo "2485"]
[BlackElo "2470"]
[PlyCount "28"]
[EventDate "2000.??.??"]
[EventType "tourn (corr)"]
[EventRounds "14"]
[EventCategory "4"]
[SourceTitle "Corr 2002"]
[Source "ChessBase"]
[SourceDate "2002.05.23"]
[SourceVersion "1"]
[SourceVersionDate "2002.05.23"]
[SourceQuality "1"]

1. d4 Nf6 2. c4 c5 3. d5 e5 4. Nc3 d6 5. e4 Nbd7 6. Bd2 Be7 7. Nf3 a6 8. a3 Nf8 9. b4 b6 10. Rb1 Ng6 11. bxc5 bxc5 12. Bd3 0-0 13. 0-0 Bd7 14. Qc2 Qc7 1/2-1/2

[Event "IECG WC.2002.S.00005 email"]
[Site "IECG email"]
[Date "2000.??.??"]
[Round "?"]
[White "Crespo, Ramon Jose"]
[Black "Pock, Markus"]
[Result "1/2-1/2"]
[WhiteElo "2482"]
[BlackElo "1462"]
[PlyCount "88"]
[EventDate "2000.03.10"]
[EventType "tourn (corr)"]
[EventRounds "8"]
[SourceTitle "Corr 2008"]
[Source "ChessBase"]
[SourceDate "2008.06.24"]
[SourceVersion "1"]
[SourceVersionDate "2008.06.24"]
[SourceQuality "1"]

1. e4 e5 2. Nf3 Nc6 3. d4 exd4 4. Nxd4 Bc5 5. Be3 Qf6 6. Nb5 Bxe3 7. fxe3 Qh4+ 8. g3 Qxe4 9. Nxc7+ Kd8 10. Nxa8 Qxh1 11. Qd6 Nf6 12. Nd2 Ne8 13. Qf4 Qxh2 14. 0-0-0 Qh6 15. Ne4 Qxf4 16. exf4 f6 17. Nc5 d6 18. Bg2 h5 19. b4 h4 20. gxh4 Rxh4 21. Nd3 Bg4 22. Rg1 Bf5 23. Kd2 Bxd3 24. cxd3 Rxf4 25. b5 Na5 26. Be4 g5 27. Ke3 Kc8 28. Rc1+ Kb8 29. Bg6 Ng7 30. Rc7 Nf5+ 31. Bxf5 Rxf5 32. Rf7 Kc8 33. b6 a6 34. Nc7 Nc6 35. d4 Rf1 36. Nd5 f5 37. Rc7+ Kd8 38. Rxb7 f4+ 39. Kd2 Rf2+ 40. Ke1 Rxa2 41. Nf6 Ra1+ 42. Kf2 Nxd4 43. Rd7+ Kc8 44. Rc7+ Kd8 1/2-1/2

[Event "Latin Am zt15 sf2 corr"]
[Site "CADAP corr"]
[Date "2000.??.??"]
[Round "?"]
[White "Da Silva Filho, Alcindo Luz Bastos"]
[Black "Crespo, Ramon Jose"]
[Result "1/2-1/2"]
[WhiteElo "2259"]
[BlackElo "2485"]
[PlyCount "70"]
[EventDate "2000.??.??"]
[EventType "tourn (corr)"]
[EventRounds "14"]
[EventCategory "4"]
[SourceTitle "Corr 2002"]
[Source "ChessBase"]
[SourceDate "2002.05.23"]
[SourceVersion "1"]
[SourceVersionDate "2002.05.23"]
[SourceQuality "1"]

1. e4 e5 2. Nf3 Nc6 3. Bb5 a6 4. Ba4 Nf6 5. 0-0 Be7 6. Qe2 b5 7. Bb3 0-0 8. c3 d6 9. a4 b4 10. a5 Rb8 11. Bc4 d5 12. exd5 Nxd5 13. d4 bxc3 14. Nxc3 Nxd4 15. Nxd4 Nxc3 16. bxc3 exd4 17. Rd1 Bf6 18. Bxa6 Re8 19. Be3 c5 20. Bc4 Be6 21. cxd4 cxd4 22. Bf4 Ra8 23. Bb5 d3 24. Qf1 Bxa1 25. Bxe8 Qxe8 26. Rxa1 Bc4 27. Qe1 Qd7 28. h3 Re8 29. Qb4 Ba6 30. Rc1 h6 31. Rc7 Qf5 32. Be3 Qd5 33. Rc5 Qd8 34. Bd2 Qd7 35. Bc3 Kh7 1/2-1/2

[Event "Latin Am zt15 sf2 corr"]
[Site "CADAP corr"]
[Date "2000.??.??"]
[Round "?"]
[White "Rivas Romero, Guillermo"]
[Black "Crespo, Ramon Jose"]
[Result "1/2-1/2"]
[WhiteElo "2312"]
[BlackElo "2485"]
[PlyCount "86"]
[EventDate "2000.??.??"]
[EventType "tourn (corr)"]
[EventRounds "14"]
[EventCategory "4"]
[SourceTitle "Corr 2002"]
[Source "ChessBase"]
[SourceDate "2002.05.23"]
[SourceVersion "1"]
[SourceVersionDate "2002.05.23"]
[SourceQuality "1"]

1. e4 e5 2. Nf3 Nc6 3. Bb5 a6 4. Ba4 Nf6 5. 0-0 Be7 6. Re1 b5 7. Bb3 d6 8. c3 0-0 9. h3 Na5 10. Bc2 c5 11. d4 Qc7 12. Nbd2 Bd7 13. Nf1 cxd4 14. cxd4 Rac8 15. Ne3 Nc6 16. d5 Nb4 17. Bb1 a5 18. a3 Na6 19. b4 g6 20. Qd2 Nh5 21. Bb2 Nf4 22. Rc1 Qa7 23. Rc2 a4 24. Kh1 Bd8 25. Rxc8 Bxc8 26. Ba2 Bb6 27. Rc1 f6 28. Rc6 Rd8 29. Ng1 Nc7 30. Ne2 Nxe2 31. Qxe2 Bxe3 32. fxe3 Bd7 33. Rc1 Rc8 34. Bb1 Qb8 35. Bc2 Na8 36. Rf1 Kg7 37. Rf2 Nb6 38. Bd3 Nc4 39. Qf3 Rf8 40. Bxc4 bxc4 41. Bc3 Qb5 42. Qg3 f5 43. Qh4 Rf7 1/2-1/2

[Event "Pereyra mem-A email "]
[Site "CAPA email"]
[Date "1999.??.??"]
[Round "12"]
[White "Copie, Jose Antonio"]
[Black "Crespo, Ramon Jose"]
[Result "1-0"]
[WhiteElo "2553"]
[BlackElo "2482"]
[PlyCount "87"]
[EventDate "1999.10.15"]
[EventType "tourn (corr)"]
[EventRounds "14"]
[EventCountry "ARG"]
[EventCategory "11"]
[SourceTitle "Corr 2002"]
[Source "ChessBase"]
[SourceDate "2002.05.23"]
[SourceVersion "1"]
[SourceVersionDate "2002.05.23"]
[SourceQuality "1"]

1. e4 e6 2. d4 d5 3. Nd2 Nf6 4. e5 Nfd7 5. Bd3 c5 6. c3 Nc6 7. Ngf3 Qb6 8. 0-0 g6 9. dxc5 Qc7 10. Nb3 Ndxe5 11. Bf4 Bg7 12. Nxe5 Nxe5 13. Re1 0-0 14. c4 f6 15. cxd5 exd5 16. Be2 Qf7 17. Bf3 Bd7 18. Bxd5 Be6 19. Bxe6 Qxe6 20. Qc2 Qc4 21. Qxc4+ Nxc4 22. Re7 Rf7 23. Rxf7 Kxf7 24. Rd1 Re8 25. Rd7+ Re7 26. Rxe7+ Kxe7 27. Nd4 Nxb2 28. c6 bxc6 29. Nxc6+ Kd7 30. Nxa7 f5 31. Be3 Nd1 32. Nb5 Nxe3 33. fxe3 Kc6 34. Nd4+ Kd5 35. Kf2 f4 36. Ne2 fxe3+ 37. Kxe3 Kc4 38. Nf4 Kb4 39. Ke4 Ka3 40. Ne6 Bh6 41. Ke5 Kxa2 42. Kf6 Be3 43. Kg7 g5 44. g4 1-0

[Event "Marcussi mem corr"]
[Site "Argentina"]
[Date "1996.??.??"]
[Round "?"]
[White "Crespo, Ramon Jose"]
[Black "Johnson, Maurice W"]
[Result "1/2-1/2"]
[WhiteElo "2481"]
[BlackElo "2618"]
[PlyCount "194"]
[EventDate "1996.??.??"]
[EventType "tourn (corr)"]
[EventRounds "16"]
[EventCountry "ARG"]
[EventCategory "12"]
[SourceTitle "Corr 2002"]
[Source "ChessBase"]
[SourceDate "2002.05.23"]
[SourceVersion "1"]
[SourceVersionDate "2002.05.23"]
[SourceQuality "1"]

1. e4 c5 2. Nf3 d6 3. d4 cxd4 4. Nxd4 Nf6 5. Nc3 g6 6. Be3 Bg7 7. f3 0-0 8. Qd2 Nc6 9. Bc4 Bd7 10. 0-0-0 Rc8 11. Bb3 Ne5 12. h4 h5 13. Bh6 Nc4 14. Bxc4 Rxc4 15. Bxg7 Kxg7 16. Kb1 Qa5 17. Nb3 Qe5 18. Qe3 b6 19. f4 Rxc3 20. bxc3 Qxe4 21. Rhe1 Qxe3 22. Rxe3 Bg4 23. Rd2 Re8 24. Kb2 Kf8 25. c4 Rc8 26. Rd4 Be6 27. Nd2 Rc7 28. Rc3 Nd7 29. Nb3 Ke8 30. g3 Nb8 31. Re4 Na6 32. Rd4 Nb8 33. Re4 Nd7 34. Re1 Bxc4 35. Nd2 b5 36. Nxc4 bxc4 37. Ra3 Rb7+ 38. Kc3 d5 39. Kd4 e6 40. Ra5 Nf6 41. Re3 Ne4 42. Rea3 Nd6 43. Kc5 Nc8 44. Rb5 Rc7+ 45. Kd4 Kd7 46. Rb8 Nd6 47. Ke3 Nf5+ 48. Kd2 Nd4 49. Ra6 Nc6 50. Rb5 Ne7 51. Rba5 Nc8 52. Rb5 Ne7 53. Rba5 Nc6 54. Rc5 Rc8 55. c3 Rc7 56. Ke3 Kd6 57. Rb5 Rc8 58. Rb7 Rc7 59. Rb5 Kd7 60. Rc5 Rc8 61. Kd2 Kd6 62. Rb5 Kc7 63. Ke3 Kd7 64. Rc5 Kd6 65. Rb5 Kc7 66. Kd2 f6 67. Ke3 Kd6 68. Rb7 Rc7 69. Rb8 e5 70. Rg8 Kc5 71. fxe5 fxe5 72. Rxg6 Kb5 73. Raxc6 Rxc6 74. Rg5 Ra6 75. Rxe5 Kc5 76. Rxh5 Ra3 77. Kd2 Rxa2+ 78. Kc1 Rg2 79. Rg5 a5 80. h5 a4 81. Rg8 Rh2 82. g4 Kd6 83. Ra8 Ke5 84. Rxa4 Ke4 85. Ra8 Kd3 86. Rd8 Kxc3 87. Rxd5 Rg2 88. Kd1 Rxg4 89. Ke2 Rh4 90. Kf3 Kb4 91. Ke2 Rh2+ 92. Kd1 Kb3 93. Rc5 Kc3 94. Rd5 Rh1+ 95. Ke2 Kc2 96. Kf3 c3 97. Kg4 Kb3 1/2-1/2

[Event "Marcussi mem corr"]
[Site "Argentina"]
[Date "1996.??.??"]
[Round "?"]
[White "Krantz, Kjell Erik"]
[Black "Crespo, Ramon Jose"]
[Result "0-1"]
[WhiteElo "2522"]
[BlackElo "2481"]
[PlyCount "104"]
[EventDate "1996.??.??"]
[EventType "tourn (corr)"]
[EventRounds "16"]
[EventCountry "ARG"]
[EventCategory "12"]
[SourceTitle "Corr 2002"]
[Source "ChessBase"]
[SourceDate "2002.05.23"]
[SourceVersion "1"]
[SourceVersionDate "2002.05.23"]
[SourceQuality "1"]

1. e4 e6 2. d4 d5 3. e5 c5 4. c3 Nc6 5. Nf3 Bd7 6. Bd3 cxd4 7. cxd4 Qb6 8. 0-0 Nxd4 9. Ng5 Nc6 10. Re1 Bc5 11. Qf3 0-0-0 12. Nc3 Nh6 13. Bf4 Nd4 14. Qd1 f6 15. exf6 gxf6 16. Nh3 Nf7 17. Rc1 Rdg8 18. Qh5 Ne5 19. Bxe5 fxe5 20. Kh1 Kb8 21. Qxe5+ Ka8 22. Red1 Nc6 23. Qe2 Bd6 24. a3 h5 25. Na4 Qb3 26. Nc5 Bxc5 27. Rxc5 Nd4 28. Qd2 e5 29. Ng1 Qb6 30. Rc3 Ba4 31. Re1 Nb3 32. Qe2 e4 33. Bb1 d4 34. Rxb3 Bxb3 35. Bxe4 Re8 36. Qd2 Ba4 37. Nf3 Bc6 38. Ng5 Rhg8 39. f3 Qd8 40. h4 Bxe4 41. fxe4 Qd6 42. Qf2 d3 43. Qe3 Rd8 44. Rd1 Qa6 45. Nf7 Rd7 46. Ne5 Re7 47. Rd2 Qf6 48. Nf3 Rg3 49. Qf2 Qg6 50. Ng5 Qd6 51. Nf7 Qe6 52. Ng5 Qg4 0-1

[Event "Marcussi mem corr"]
[Site "Argentina"]
[Date "1996.??.??"]
[Round "?"]
[White "Rause, Olita V"]
[Black "Crespo, Ramon Jose"]
[Result "1-0"]
[WhiteElo "2622"]
[BlackElo "2481"]
[PlyCount "95"]
[EventDate "1996.??.??"]
[EventType "tourn (corr)"]
[EventRounds "16"]
[EventCountry "ARG"]
[EventCategory "12"]
[SourceTitle "Corr 2002"]
[Source "ChessBase"]
[SourceDate "2002.05.23"]
[SourceVersion "1"]
[SourceVersionDate "2002.05.23"]
[SourceQuality "1"]

1. e4 e6 2. d4 d5 3. Nd2 Nf6 4. e5 Nfd7 5. c3 c5 6. Bd3 Nc6 7. Ne2 f6 8. exf6 Nxf6 9. 0-0 cxd4 10. cxd4 Bd6 11. Nf3 0-0 12. Bf4 Bxf4 13. Nxf4 Ne4 14. Ne2 Rxf3 15. gxf3 Ng5 16. f4 Nf3+ 17. Kg2 Qh4 18. Kxf3 Qh3+ 19. Ng3 e5 20. Ke3 exf4+ 21. Kd2 fxg3 22. hxg3 Qh6+ 23. f4 Qf6 24. Qa4 Bd7 25. Rae1 Rc8 26. Re3 h5 27. Rc1 Rd8 28. Rce1 h4 29. Qd1 Nb4 30. Qh5 Nxd3 31. Rxd3 Bb5 32. Qxh4 Qxh4 33. gxh4 Bxd3 34. Kxd3 Kf7 35. h5 Rd6 36. Re5 a6 37. b3 a5 38. Ke3 Kf6 39. Kf3 Kf7 40. Kg4 Kf6 41. f5 Rd7 42. Re6+ Kf7 43. Kf4 Rc7 44. Ke5 Rc2 45. a4 Rh2 46. Rb6 Rxh5 47. Rxb7+ Kg8 48. Ke6 1-0

[Event "Marcussi mem corr"]
[Site "Argentina"]
[Date "1996.??.??"]
[Round "?"]
[White "Volchok, Alexandr S"]
[Black "Crespo, Ramon Jose"]
[Result "1/2-1/2"]
[WhiteElo "2602"]
[BlackElo "2481"]
[PlyCount "91"]
[EventDate "1996.??.??"]
[EventType "tourn (corr)"]
[EventRounds "16"]
[EventCountry "ARG"]
[EventCategory "12"]
[SourceTitle "Corr 2002"]
[Source "ChessBase"]
[SourceDate "2002.05.23"]
[SourceVersion "1"]
[SourceVersionDate "2002.05.23"]
[SourceQuality "1"]

1. e4 e6 2. d4 d5 3. Nc3 Bb4 4. e5 c5 5. a3 Bxc3+ 6. bxc3 Ne7 7. Nf3 Qc7 8. h4 b6 9. h5 h6 10. a4 Ba6 11. Bb5+ Bxb5 12. axb5 Nd7 13. 0-0 0-0 14. Nh4 cxd4 15. cxd4 Qc4 16. Ba3 Rfe8 17. f4 Nf5 18. Nxf5 exf5 19. Qd3 Qxd3 20. cxd3 Rec8 21. Rfc1 Rxc1+ 22. Rxc1 Nf8 23. Bxf8 Kxf8 24. Rc7 a5 25. bxa6 Rxa6 26. Rd7 Ra3 27. Rxd5 Rxd3 28. Kf2 Ke7 29. Rd6 b5 30. Ke2 Rg3 31. Rb6 Rxg2+ 32. Kf3 Rb2 33. d5 Rb3+ 34. Ke2 Rb4 35. d6+ Kd7 36. Rb7+ Ke8 37. Re7+ Kf8 38. Ke3 Re4+ 39. Kd3 b4 40. Rc7 Ke8 41. Kc2 Rxf4 42. Rc8+ Kd7 43. Rf8 Rd4 44. Rxf7+ Kc6 45. Rf8 Kd7 46. Rf7+ 1/2-1/2